书目信息 |
| 题名: |
旅游开发运营教程
|
|
| 作者: | 林峰 著 | |
| 分册: | ||
| 出版信息: | 北京 中国旅游出版社 2019 |
|
| 页数: | 680页 | |
| 开本: | 26cm | |
| 丛书名: | ||
| 单 册: | ||
| 中图分类: | F590.31 | |
| 科图分类: | ||
| 主题词: | 旅游资源开发--高等学校--教材 , 旅游资源--资源管理--高等学校--教材 | |
| 电子资源: | ||
| ISBN: | 978-7-5032-6209-8 | |
| 000 | 01229nam0 2200277 45 | |
| 001 | 012001009016 | |
| 005 | 20140102155514.0 | |
| 010 | @a978-7-5032-6209-8@dCNY98.00 | |
| 100 | @a20190627d2019 em y0chiy50 ea | |
| 101 | 0 | @achi |
| 102 | @aCN@b110000 | |
| 105 | @aa z 000yy | |
| 106 | @ar | |
| 200 | 1 | @a旅游开发运营教程@9lv you kai fa yun ying jiao cheng@b专著@dGuide to tourism exploitation and operation@f林峰著@zeng |
| 210 | @a北京@c中国旅游出版社@d2019 | |
| 215 | @a680页@c图@d26cm | |
| 300 | @a中国旅游业普通高等教育“十三五”精品教材 | |
| 314 | @a林峰,男,经济学博士,资深规划设计与文旅产业运营专家、旅游投行领军人物,绿维文旅控股集团董事长等。 | |
| 330 | @a本书共分为十大篇章,包括自主旅游时代下旅游发展新趋势、旅游策划规划设计新方法、旅游综合开发建造新模式、旅游投融资创新、旅游营销创新、旅游运营与管理创新、政府旅游开发运营新思路、泛景区的供给侧提升、消费聚集导向的就地城镇化开发、度假需求导向下的旅游综合开发。 | |
| 510 | 1 | @aGuide to tourism exploitation and operation@zeng |
| 606 | 0 | @a旅游资源开发@x高等学校@j教材 |
| 606 | 0 | @a旅游资源@x资源管理@x高等学校@j教材 |
| 690 | @aF590.31@v5 | |
| 701 | 0 | @a林峰@9lin feng@4著 |
| 801 | 2 | @aCN@b上海新华@c20191020 |
| 905 | @b1186734-7@dF590.31@e576@f4 | |
| 旅游开发运营教程=Guide to tourism exploitation and operation/林峰著.-北京:中国旅游出版社,2019 |
| 680页:图;26cm |
| 中国旅游业普通高等教育“十三五”精品教材 |
| ISBN 978-7-5032-6209-8:CNY98.00 |
| 本书共分为十大篇章,包括自主旅游时代下旅游发展新趋势、旅游策划规划设计新方法、旅游综合开发建造新模式、旅游投融资创新、旅游营销创新、旅游运营与管理创新、政府旅游开发运营新思路、泛景区的供给侧提升、消费聚集导向的就地城镇化开发、度假需求导向下的旅游综合开发。 |
| ● |
| 相关链接 |
|
|
|
|
正题名:旅游开发运营教程
索取号:F590.31/576
 
预约/预借
| 序号 | 登录号 | 条形码 | 馆藏地/架位号 | 状态 | 备注 |
| 1 | 1186734 | 211867345 | 第一样本阅览室/ [索取号:F590.31/576] | 在馆 | |
| 2 | 1186735 | 211867354 | 第一借阅区/ [索取号:F590.31/576] | 在馆 | |
| 3 | 1186736 | 211867363 | 第一借阅区/ [索取号:F590.31/576] | 在馆 | |
| 4 | 1186737 | 211867372 | 第一借阅区/ [索取号:F590.31/576] | 在馆 |